A first course in dynamics : with a panorama of recent developments

Saved in:
Bibliographic Details
Main Author: Hasselblatt, Boris
Other Authors: Katok, A. B.
Format: Book
Language:English
Published: Cambridge ; New York : Cambridge University Press, 2003
Subjects:
Tags: Add Tag
No Tags, Be the first to tag this record!

MARC

LEADER 00000nam a2200000 i 4500
001 1/64335
008 071123s2003 eng d
020 |a 0-521-58304-7 
035 |l 10092525 
040 |a GR-MY-UA  |b gre  |e aacr 
041 0 |a eng 
082 0 |a 514.74  |2 (22) 
100 1 |a Hasselblatt, Boris. 
245 1 2 |a A first course in dynamics :  |b with a panorama of recent developments /  |c Boris Hasselblatt, Anatole Katok 
260 |a Cambridge ; New York :   |b Cambridge University Press,   |c 2003 
300 |a x, 424 σ.;  |b εικ.;  |c 26 εκ. 
504 |a Περιέχει βιβλιογραφικές παραπομπές και ευρετήριο 
650 0 0 |a Differentiable dynamical systems. 
700 1 |a Katok, A. B. 
852 |a INST  |b SAMOS  |e 20071123  |h 514.74 HAS  |p 005300027717  |q 005300027717  |t BK  |y 0 
901 |a BIBL3-2007-3 
909 |a Σ  |b 140256 
922 |a 3ΕΛΗ  |b 200711  |c ΕΠΕΑΕΚ2/ΤΜΗΜΑ ΜΑΘΗΜΑΤΙΚΩΝ  |d ΠΑΠΑΣΩΤΗΡΙΟΥ 
970 |a ΡΟΥΣΣΟΥ  |b ΚΩΝΣΤΑΝΤΙΝΑ  |z 2007/11/23